Southville International School and Colleges
Your cart is empty.
  • Cart
  • Lists
    Public lists Eva Luna New books Lux_list list_1
    Your lists Log in to create your own lists
  • Log in to your account
  • Your cookies
  • Search history
Southville International School and Colleges
  • Advanced search
  • Recent comments
  • Most popular
  • Libraries

Log in to your account

Log in with GOOGLE


If you do not have an external account, but do have a local account, you can still log in:

  1. Home
  2. MARC view: The international policy towards terrorism in the post-9/11 world /
Normal view MARC view ISBD view

The international policy towards terrorism in the post-9/11 world / (Record no. 98485)

[ view plain ]
MARC details
000 -LEADER
fixed length control field 00694nam a2200193 a 4500
003 - CONTROL NUMBER IDENTIFIER
control field 0
005 - DATE AND TIME OF LATEST TRANSACTION
control field 20250224104948.0
008 - FIXED-LENGTH DATA ELEMENTS--GENERAL INFORMATION
fixed length control field 110105s19uu xx 00 eng d
050 ## - LIBRARY OF CONGRESS CALL NUMBER
Classification number PHS KZ 7220
Item number .M41 2010
100 ## - MAIN ENTRY--PERSONAL NAME
Personal name Matsuda, Hiroshi V.
245 ## - TITLE STATEMENT
Title The international policy towards terrorism in the post-9/11 world /
Statement of responsibility, etc Hiroshi V. Matsuda.
260 ## - PUBLICATION, DISTRIBUTION, ETC. (IMPRINT)
Place of publication, distribution, etc Las Piñas City, Philippines :
Name of publisher, distributor, etc Southville International School and Colleges,
Date of publication, distribution, etc 2010.
300 ## - PHYSICAL DESCRIPTION
Extent 50 pages ;
Dimensions 30 cm.
504 ## - BIBLIOGRAPHY, ETC. NOTE
Bibliography, etc Includes bibliographical references.
650 ## - SUBJECT ADDED ENTRY--TOPICAL TERM
Topical term or geographic name as entry element Counterterrorism
General subdivision International cooperation.
650 ## - SUBJECT ADDED ENTRY--TOPICAL TERM
Topical term or geographic name as entry element Terrorism
General subdivision Government policy.
650 ## - SUBJECT ADDED ENTRY--TOPICAL TERM
Topical term or geographic name as entry element Security, International.
942 ## - ADDED ENTRY ELEMENTS (KOHA)
Source of classification or shelving scheme Library of Congress Classification
Koha item type PASS
Holdings
Withdrawn status Lost status Source of classification or shelving scheme Damaged status Home library Current library Shelving location Date acquired Source of acquisition Total Checkouts Full call number Barcode Date last seen Price effective from Koha item type
    Library of Congress Classification   Luxembourg Library Luxembourg Library Portfolio Assessment of SISC Students Section 01/05/2011 Donation   PHS KZ 7220 .M41 2010 P2585 04/08/2014 04/08/2014 PASS

The international policy towards terrorism in the post-9/11 world /

APA

Matsuda H. V., . (2010). The international policy towards terrorism in the post-9/11 world. Las Piñas City, Philippines: Southville International School and Colleges.

Chicago

Matsuda Hiroshi V, . 2010. The international policy towards terrorism in the post-9/11 world. Las Piñas City, Philippines: Southville International School and Colleges.

Harvard

Matsuda H. V., . (2010). The international policy towards terrorism in the post-9/11 world. Las Piñas City, Philippines: Southville International School and Colleges.

MLA

Matsuda Hiroshi V, . The international policy towards terrorism in the post-9/11 world. Las Piñas City, Philippines: Southville International School and Colleges. 2010.

  • Print
  • Cite
  • Add to your cart (remove)
  • Save record
    BIBTEX Dublin Core MARCXML MARC (non-Unicode/MARC-8) MARC (Unicode/UTF-8) MARC (Unicode/UTF-8, Standard) MODS (XML) RIS
  • More searches
    Search for this title in:
    Other Libraries (WorldCat) Other Databases (Google Scholar) Online Stores (Bookfinder.com) Open Library (openlibrary.org)

Exporting to Dublin Core...

SOUTHVILLE LIBRARY

Southville International School and Colleges Library

1281 Tropical Ave. Cor. Luxembourg St., BF Homes International, Las Pinas City

Tel. No. 8256374 / 252358 Loc. 117/146

Powered by Koha